Stresses in the peaceable kingdom ; [poems].

Bibliographic Details
Main Author: Sandy, Stephen
Format: Book
Language:English
Published: Boston : Houghton Mifflin, 1967.

MARC

Tag First Indicator Second Indicator Subfields
LEADER 00000cam a2200000 4500
001 in00000508591
005 20151013063723.0
008 720713s1967 mau 00000 eng
010 |a  67015529  
035 |a (OCoLC)00355157 
035 |9 ACD5376AM 
040 |a DLC  |c DRB  |d TXA  |d UtOrBLW 
049 |a TXAM  |c [1432833] 
050 0 0 |a PS3569.A52  |b S8 
082 0 |a 811.54 
100 1 |a Sandy, Stephen. 
245 1 0 |a Stresses in the peaceable kingdom ;  |b [poems]. 
264 1 |a Boston :  |b Houghton Mifflin,  |c 1967. 
300 |a xi, 105 pages ;  |c 22 cm. 
336 |a text  |b txt  |2 rdacontent 
337 |a unmediated  |b n  |2 rdamedia 
338 |a volume  |b nc  |2 rdacarrier 
999 |a MARS 
999 f f |s 0b49ee27-8948-32ca-971d-418f4db5dc9a  |i cbe37fe0-33a1-3e97-ba1c-b3b8c33e8a1e  |t 0 
952 f f |p ric  |a Texas A&M University  |b Rellis Campus  |c Joint Library Facility  |d Remote Storage  |t 0  |e PS3569.A52 S8  |h Library of Congress classification  |i unmediated -- volume  |m A14804131428 
998 f f |a PS3569.A52 S8  |t 0  |l Remote Storage